000 00374nam a2200145Ia 4500
005 20251222153550.0
008 251222s9999||||xx |||||||||||||| ||spa||
020 _a9786124047152
082 _a343.4/D69
100 _aDíaz Muñoz, Óscar
245 0 _aEl Derecho Constitucional de Libertad Religiosa del Menor:
250 _a1ra.ed.
264 _bPalestra
942 _cLIB
999 _c30810
_d30810